000 00298nam a22001337a 4500
008 170201b xxu||||| |||| 00| 0 eng d
020 _a0394582489
041 _aeng
080 _a61
100 _a3
101 _aSHM
245 _aTHE AMERICAN MEDICAL ASSOCIATION
_cCLAYMAN, CH.B
942 _2udc
_cBK
999 _c4213
_d4213